[Event "European Rapid Championship 2021"]
[Site "Katowice"]
[Date "2021.12.19"]
[Round "11.21"]
[White "Tazbir, Marcin"]
[Black "Ortega Ruiz, Jose Miguel"]
[Result "1-0"]
[WhiteElo "2514"]
[BlackElo "2150"]
[Annotator "ChessBase"]
[PlyCount "73"]
[EventDate "2021.12.18"]
[EventType "swiss"]
[EventCountry "POL"]
[SourceTitle "playchess.com"]
[Source "ChessBase"]
[SourceQuality "1"]
[TimeControl "900+10"]

1. c4 {[%emt 0:00:02]} e5 {[%emt 0:00:01]} 2. g3 {[%emt 0:00:01]} Nf6 {[%emt 0:
00:01]} 3. Bg2 {[%emt 0:00:01]} d5 {[%emt 0:00:03]} 4. cxd5 {[%emt 0:00:01]}
Nxd5 {[%emt 0:00:01]} 5. Nc3 {[%emt 0:00:03]} Nb6 {[%emt 0:00:02]} 6. e3 {
[%emt 0:00:02]} Be7 {[%emt 0:00:08]} 7. Nge2 {[%emt 0:00:02]} O-O {[%emt 0:00:
03]} 8. O-O {[%emt 0:00:02]} c6 {[%emt 0:00:23]} 9. f4 {[%emt 0:00:06]} exf4 {
[%emt 0:00:18]} 10. Nxf4 {[%emt 0:00:03]} N8d7 {[%emt 0:00:02]} 11. d4 {
[%emt 0:00:14]} Nf6 {[%emt 0:00:12]} 12. e4 {[%emt 0:00:20]} a5 {[%emt 0:00:19]
} 13. h3 {[%emt 0:00:18]} a4 {[%emt 0:00:14]} 14. Qd3 {[%emt 0:00:13]} a3 {
[%emt 0:00:27]} 15. b3 {[%emt 0:00:03]} Bb4 {[%emt 0:00:06]} 16. Bd2 {[%emt 0:
00:38]} Be6 {[%emt 0:00:54]} 17. Rad1 {[%emt 0:02:38]} Re8 {[%emt 0:00:37]} 18.
Bc1 {[%emt 0:01:03]} Ra5 {[%emt 0:00:15]} 19. Nxe6 {[%emt 0:00:28]} Rxe6 {
[%emt 0:00:07]} 20. e5 {[%emt 0:00:01]} Nfd7 {[%emt 0:01:20]} 21. Ne4 {[%emt 0:
00:09]} h6 {[%emt 0:00:34]} 22. Qf3 {[%emt 0:00:18]} Qe8 {[%emt 0:01:37]} 23.
h4 {[%emt 0:00:17]} c5 {[%emt 0:00:27]} 24. Bh3 {[%emt 0:00:17]} cxd4 {[%emt 0:
00:01]} 25. Bxe6 {[%emt 0:00:58]} Qxe6 {[%emt 0:00:02]} 26. Rxd4 {[%emt 0:00:
03]} Bf8 {[%emt 0:00:19]} 27. Qf5 {[%emt 0:00:30]} Rxe5 {[%emt 0:00:21]} 28.
Qxe6 {[%emt 0:00:02]} Rxe6 {[%emt 0:00:05]} 29. Kg2 {[%emt 0:00:22]} Rc6 {
[%emt 0:00:13]} 30. Be3 {[%emt 0:00:15]} Rc2+ {[%emt 0:00:36]} 31. Rf2 {
[%emt 0:00:03]} Rc6 {[%emt 0:00:13]} 32. Rfd2 {[%emt 0:00:23]} Re6 {[%emt 0:00:
34]} 33. Bf2 {[%emt 0:00:09]} f5 {[%emt 0:01:40]} 34. Nd6 {[%emt 0:00:06]} g6 {
[%emt 0:00:26]} 35. Nxb7 {[%emt 0:00:29]} Nf6 {[%emt 0:00:02]} 36. Rd8 {
[%emt 0:01:34]} Ne4 {[%emt 0:00:15]} 37. Nc5 {[%emt 0:00:17]} 1-0

[Event "European Rapid Championship 2021"]
[Site "Katowice"]
[Date "2021.12.19"]
[Round "11.21"]
[White "Kukula, Pawel"]
[Black "Krawczyk, Wojciech"]
[Result "1-0"]
[WhiteElo "2088"]
[BlackElo "1868"]
[Annotator "NA"]
[PlyCount "97"]
[EventDate "2021.12.18"]
[EventType "swiss"]
[EventCountry "POL"]
[SourceTitle "playchess.com"]
[Source "ChessBase"]
[SourceQuality "1"]
[TimeControl "900+10"]

1. d4 {[%emt 0:00:03]} e6 {[%emt 0:00:05]} 2. Nf3 {[%emt 0:00:06]} b6 {[%emt 0:
00:11]} 3. e4 {[%emt 0:00:03]} Bb7 {[%emt 0:00:01]} 4. Bd3 {[%emt 0:00:02]} d6
{[%emt 0:00:14]} 5. O-O {[%emt 0:00:05]} g6 {[%emt 0:00:05]} 6. c4 {[%emt 0:00:
09]} Bg7 {[%emt 0:00:02]} 7. Nc3 {[%emt 0:00:02]} h6 {[%emt 0:00:08]} 8. Be3 {
[%emt 0:00:11]} Nd7 {[%emt 0:00:01]} 9. Qd2 {[%emt 0:00:06]} e5 {[%emt 0:00:06]
} 10. d5 {[%emt 0:00:07]} Ngf6 {[%emt 0:00:16]} 11. h3 {[%emt 0:00:09]} g5 {
[%emt 0:00:13]} 12. Nh2 {[%emt 0:00:22]} O-O {[%emt 0:00:12]} 13. Be2 {[%emt 0:
00:13]} Nc5 {[%emt 0:00:10]} 14. Qc2 {[%emt 0:00:12]} Ne8 {[%emt 0:00:42]} 15.
b4 {[%emt 0:00:05]} Nd7 {[%emt 0:00:02]} 16. Bg4 {[%emt 0:00:11]} Ndf6 {
[%emt 0:00:11]} 17. Be2 {[%emt 0:00:51]} Bc8 {[%emt 0:00:12]} 18. c5 {[%emt 0:
00:04]} Qe7 {[%emt 0:03:37]} 19. Rfc1 {[%emt 0:01:43]} Nxe4 {[%emt 0:02:01]}
20. Nxe4 {[%emt 0:00:08]} f5 {[%emt 0:00:01]} 21. cxd6 {[%emt 0:00:50]} cxd6 {
[%emt 0:00:10]} 22. Nc3 {[%emt 0:00:06]} e4 {[%emt 0:00:17]} 23. Qd2 {[%emt 0:
00:42]} f4 {[%emt 0:01:39]} 24. Bd4 {[%emt 0:00:04]} f3 {[%emt 0:00:25]} 25.
Bf1 {[%emt 0:00:08]} Nf6 {[%emt 0:01:39]} 26. Re1 {[%emt 0:00:23]} Qf7 {
[%emt 0:01:04]} 27. Rad1 {[%emt 0:02:50]} Nh5 {[%emt 0:03:54]} 28. Bxg7 {
[%emt 0:00:18]} Qxg7 {[%emt 0:00:03]} 29. Qd4 {[%emt 0:01:39]} Qf7 {[%emt 0:00:
26]} 30. Nxe4 {[%emt 0:00:32]} fxg2 {[%emt 0:00:04]} 31. Bxg2 {[%emt 0:00:14]}
Qg6 {[%emt 0:00:40]} 32. Ng4 {[%emt 0:00:21]} Bxg4 {[%emt 0:00:11]} 33. hxg4 {
[%emt 0:00:01]} Nf4 {[%emt 0:00:01]} 34. Ng3 {[%emt 0:00:20]} Rae8 {[%emt 0:00:
01]} 35. Re3 {[%emt 0:01:24]} Qc2 {[%emt 0:00:36]} 36. Qd2 {[%emt 0:00:38]} Qc4
{[%emt 0:00:13]} 37. Rde1 {[%emt 0:00:40]} Rxe3 {[%emt 0:00:53]} 38. Rxe3 {
[%emt 0:00:26]} Nxg2 {[%emt 0:00:09]} 39. Kxg2 {[%emt 0:00:05]} Qxg4 {[%emt 0:
00:01]} 40. Qe2 {[%emt 0:01:01]} Qf4 {[%emt 0:00:38]} 41. Re4 {[%emt 0:00:25]}
Qf7 {[%emt 0:00:13]} 42. Re6 {[%emt 0:00:12]} Rc8 {[%emt 0:00:11]} 43. Qe4 {
[%emt 0:00:13]} Rf8 {[%emt 0:00:04]} 44. Rg6+ {[%emt 0:00:32]} Kh8 {[%emt 0:00:
02]} 45. Rxh6+ {[%emt 0:00:02]} Kg8 {[%emt 0:00:01]} 46. Qg6+ {[%emt 0:00:01]}
Qg7 {[%emt 0:00:19]} 47. Qxg7+ {[%emt 0:00:18]} Kxg7 {[%emt 0:00:01]} 48. Rxd6
{[%emt 0:00:01]} Rf4 {[%emt 0:00:01]} 49. Nh5+ {[%emt 0:00:02]} 1-0

[Event "European Rapid Championship 2021"]
[Site "Katowice"]
[Date "2021.12.19"]
[Round "11.22"]
[White "Mirzoev, Emil"]
[Black "Kubicka, Anna"]
[Result "1-0"]
[WhiteElo "2418"]
[BlackElo "2273"]
[Annotator "NA"]
[PlyCount "99"]
[EventDate "2021.12.18"]
[EventType "swiss"]
[EventCountry "POL"]
[SourceTitle "playchess.com"]
[Source "ChessBase"]
[SourceQuality "1"]
[TimeControl "900+10"]

1. c4 {[%emt 0:00:19]} e5 {[%emt 0:00:23]} 2. Nc3 {[%emt 0:00:02]} Nc6 {
[%emt 0:00:19]} 3. Nf3 {[%emt 0:00:03]} g6 {[%emt 0:00:15]} 4. d4 {[%emt 0:00:
34]} exd4 {[%emt 0:00:05]} 5. Nxd4 {[%emt 0:00:01]} Bg7 {[%emt 0:00:01]} 6.
Nxc6 {[%emt 0:00:01]} bxc6 {[%emt 0:00:01]} 7. g3 {[%emt 0:00:04]} Nf6 {
[%emt 0:00:32]} 8. Bg2 {[%emt 0:00:06]} O-O {[%emt 0:00:02]} 9. O-O {[%emt 0:
00:24]} Bb7 {[%emt 0:01:13]} 10. Qc2 {[%emt 0:00:10]} Qe7 {[%emt 0:00:31]} 11.
b3 {[%emt 0:00:15]} Rfd8 {[%emt 0:00:33]} 12. Bb2 {[%emt 0:01:01]} d5 {[%emt 0:
00:32]} 13. Rfd1 {[%emt 0:01:10]} Rab8 {[%emt 0:01:08]} 14. Na4 {[%emt 0:00:56]
} Bc8 {[%emt 0:01:17]} 15. cxd5 {[%emt 0:01:32]} cxd5 {[%emt 0:00:01]} 16. Rac1
{[%emt 0:01:50]} Ba6 {[%emt 0:07:42]} 17. e3 {[%emt 0:02:40]} Bb5 {[%emt 0:01:
49]} 18. Nc3 {[%emt 0:00:49]} Bc6 {[%emt 0:00:19]} 19. Ne2 {[%emt 0:00:15]} Bb5
{[%emt 0:00:45]} 20. Nd4 {[%emt 0:00:10]} Ne8 {[%emt 0:00:21]} 21. a4 {[%emt 0:
01:10]} Bd7 {[%emt 0:00:05]} 22. Bxd5 {[%emt 0:00:16]} Bxd4 {[%emt 0:00:33]}
23. Rxd4 {[%emt 0:00:16]} Bf5 {[%emt 0:00:03]} 24. Qc3 {[%emt 0:00:41]} Nf6 {
[%emt 0:00:17]} 25. Bg2 {[%emt 0:00:25]} Rb6 {[%emt 0:00:12]} 26. Qxc7 {
[%emt 0:00:40]} Qxc7 {[%emt 0:00:12]} 27. Rxc7 {[%emt 0:00:00]} Rdb8 {[%emt 0:
00:12]} 28. Rd1 {[%emt 0:02:08]} Ne8 {[%emt 0:00:12]} 29. Rxa7 {[%emt 0:01:09]}
Rxb3 {[%emt 0:00:04]} 30. Be5 {[%emt 0:00:09]} Rb1 {[%emt 0:00:03]} 31. Rf1 {
[%emt 0:00:01]} Rxf1+ {[%emt 0:00:16]} 32. Kxf1 {[%emt 0:00:06]} Rd8 {[%emt 0:
00:16]} 33. Ra8 {[%emt 0:00:16]} Bd3+ {[%emt 0:00:10]} 34. Ke1 {[%emt 0:00:02]}
Rxa8 {[%emt 0:00:06]} 35. Bxa8 {[%emt 0:00:01]} f6 {[%emt 0:00:03]} 36. Bb8 {
[%emt 0:00:08]} Ba6 {[%emt 0:00:08]} 37. Kd2 {[%emt 0:00:35]} Kf7 {[%emt 0:00:
02]} 38. Kc3 {[%emt 0:00:00]} f5 {[%emt 0:00:21]} 39. Be5 {[%emt 0:00:07]} Ke6
{[%emt 0:00:04]} 40. Kd4 {[%emt 0:00:24]} h6 {[%emt 0:00:13]} 41. Bc6 {[%emt 0:
00:10]} Nd6 {[%emt 0:00:03]} 42. Bxd6 {[%emt 0:00:22]} Kxd6 {[%emt 0:00:01]}
43. Be8 {[%emt 0:00:02]} g5 {[%emt 0:00:02]} 44. f4 {[%emt 0:00:02]} Bc8 {
[%emt 0:00:36]} 45. Bb5 {[%emt 0:00:04]} Bb7 {[%emt 0:00:04]} 46. Bd3 {[%emt 0:
00:04]} Bc8 {[%emt 0:00:03]} 47. a5 {[%emt 0:00:05]} Bd7 {[%emt 0:00:33]} 48.
a6 {[%emt 0:00:04]} Ke6 {[%emt 0:00:04]} 49. Bc4+ {[%emt 0:00:19]} Kd6 {
[%emt 0:00:02]} 50. Bd5 {[%emt 0:00:09]} 1-0

[Event "European Rapid Championship 2021"]
[Site "Katowice"]
[Date "2021.12.19"]
[Round "11.22"]
[White "Jedrusik, Adam"]
[Black "Rigopoulos-Tsigkos, Alexandros"]
[Result "1-0"]
[WhiteElo "1769"]
[BlackElo "2076"]
[Annotator "NA"]
[PlyCount "111"]
[EventDate "2021.12.18"]
[EventType "swiss"]
[EventCountry "POL"]
[SourceTitle "playchess.com"]
[Source "ChessBase"]
[SourceQuality "1"]
[TimeControl "900+10"]

1. d4 {[%emt 0:00:02]} d5 {[%emt 0:02:22]} 2. Bf4 {[%emt 0:00:02]} Nf6 {
[%emt 0:00:05]} 3. e3 {[%emt 0:00:01]} c5 {[%emt 0:00:02]} 4. c3 {[%emt 0:00:
01]} Nc6 {[%emt 0:00:01]} 5. Nd2 {[%emt 0:00:02]} e6 {[%emt 0:00:18]} 6. Ngf3 {
[%emt 0:00:03]} Bd6 {[%emt 0:00:02]} 7. Bg3 {[%emt 0:00:02]} O-O {[%emt 0:00:
16]} 8. Bb5 {[%emt 0:00:02]} a6 {[%emt 0:00:40]} 9. Bxc6 {[%emt 0:00:30]} bxc6
{[%emt 0:00:02]} 10. Ne5 {[%emt 0:00:28]} Qc7 {[%emt 0:00:29]} 11. Qa4 {
[%emt 0:00:07]} Bb7 {[%emt 0:00:14]} 12. O-O {[%emt 0:03:06]} Nh5 {[%emt 0:00:
17]} 13. Nd3 {[%emt 0:01:40]} Nxg3 {[%emt 0:00:28]} 14. hxg3 {[%emt 0:00:02]}
c4 {[%emt 0:02:29]} 15. Nc5 {[%emt 0:00:01]} Bxc5 {[%emt 0:00:26]} 16. dxc5 {
[%emt 0:00:02]} e5 {[%emt 0:00:08]} 17. Qc2 {[%emt 0:02:57]} f5 {[%emt 0:00:17]
} 18. b4 {[%emt 0:00:57]} Qe7 {[%emt 0:00:55]} 19. Rfe1 {[%emt 0:00:53]} Rae8 {
[%emt 0:00:50]} 20. f4 {[%emt 0:00:30]} a5 {[%emt 0:00:49]} 21. a3 {[%emt 0:00:
01]} axb4 {[%emt 0:01:47]} 22. axb4 {[%emt 0:00:02]} e4 {[%emt 0:01:23]} 23.
Kf2 {[%emt 0:00:43]} Ra8 {[%emt 0:00:24]} 24. Qb2 {[%emt 0:00:19]} Ba6 {
[%emt 0:00:42]} 25. Ra5 {[%emt 0:01:06]} Bb5 {[%emt 0:00:14]} 26. Rea1 {
[%emt 0:00:46]} Rxa5 {[%emt 0:00:01]} 27. Rxa5 {[%emt 0:00:01]} g5 {[%emt 0:00:
15]} 28. Nf1 {[%emt 0:00:53]} Re8 {[%emt 0:00:07]} 29. Qe2 {[%emt 0:00:39]} Qf7
{[%emt 0:00:35]} 30. Qd2 {[%emt 0:00:40]} Qg7 {[%emt 0:01:57]} 31. Qd4 {
[%emt 0:00:25]} Qg6 {[%emt 0:00:56]} 32. Ra7 {[%emt 0:00:40]} h5 {[%emt 0:00:
22]} 33. Qd1 {[%emt 0:01:05]} h4 {[%emt 0:00:20]} 34. gxh4 {[%emt 0:00:36]}
gxh4 {[%emt 0:00:08]} 35. g3 {[%emt 0:00:26]} h3 {[%emt 0:00:16]} 36. Nh2 {
[%emt 0:00:12]} Rf8 {[%emt 0:00:01]} 37. g4 {[%emt 0:00:25]} d4 {[%emt 0:00:13]
} 38. Qxd4 {[%emt 0:00:24]} fxg4 {[%emt 0:00:09]} 39. Kg3 {[%emt 0:00:01]} Rf7
{[%emt 0:00:19]} 40. Qd8+ {[%emt 0:00:20]} Kg7 {[%emt 0:00:13]} 41. Qd4+ {
[%emt 0:00:01]} Kg8 {[%emt 0:00:03]} 42. Qd8+ {[%emt 0:00:01]} Kg7 {[%emt 0:00:
01]} 43. Qd4+ {[%emt 0:00:01]} Kg8 {[%emt 0:00:18]} 44. Ra8+ {[%emt 0:00:29]}
Rf8 {[%emt 0:00:02]} 45. Rxf8+ {[%emt 0:00:21]} Kxf8 {[%emt 0:00:02]} 46. Qd6+
{[%emt 0:00:05]} Qxd6 {[%emt 0:00:23]} 47. cxd6 {[%emt 0:00:02]} c5 {[%emt 0:
00:07]} 48. bxc5 {[%emt 0:00:03]} Bd7 {[%emt 0:00:02]} 49. c6 {[%emt 0:00:21]}
Bf5 {[%emt 0:00:03]} 50. Nf1 {[%emt 0:00:18]} Kf7 {[%emt 0:00:13]} 51. Nd2 {
[%emt 0:00:10]} Be6 {[%emt 0:00:28]} 52. Nxe4 {[%emt 0:00:03]} Bd5 {[%emt 0:00:
03]} 53. Ng5+ {[%emt 0:00:05]} Ke8 {[%emt 0:00:09]} 54. c7 {[%emt 0:00:09]} Kd7
{[%emt 0:00:17]} 55. e4 {[%emt 0:00:01]} Bg8 {[%emt 0:00:13]} 56. f5 {[%emt 0:
00:15]} 1-0

[Event "European Rapid Championship 2021"]
[Site "Katowice"]
[Date "2021.12.19"]
[Round "11.23"]
[White "Blohberger, Felix"]
[Black "Koziorowicz, Michal"]
[Result "1/2-1/2"]
[WhiteElo "2409"]
[BlackElo "2041"]
[Annotator "NA"]
[PlyCount "113"]
[EventDate "2021.12.18"]
[EventType "swiss"]
[EventCountry "POL"]
[SourceTitle "playchess.com"]
[Source "ChessBase"]
[SourceQuality "1"]
[TimeControl "900+10"]

1. d4 f5 {[%emt 0:00:03]} 2. Nc3 {[%emt 0:00:12]} Nf6 {[%emt 0:00:06]} 3. Bg5 {
[%emt 0:00:02]} d5 {[%emt 0:00:10]} 4. Bxf6 {[%emt 0:00:04]} exf6 {[%emt 0:00:
01]} 5. e3 {[%emt 0:00:02]} c6 {[%emt 0:00:05]} 6. Bd3 {[%emt 0:00:06]} Bd6 {
[%emt 0:00:03]} 7. Qf3 {[%emt 0:00:50]} g6 {[%emt 0:00:12]} 8. h4 {[%emt 0:00:
36]} h5 {[%emt 0:00:19]} 9. Nh3 {[%emt 0:00:07]} Be6 {[%emt 0:00:41]} 10. Nf4 {
[%emt 0:01:18]} Bf7 {[%emt 0:00:36]} 11. O-O-O {[%emt 0:00:46]} Nd7 {[%emt 0:
00:14]} 12. Qe2 {[%emt 0:01:40]} Qa5 {[%emt 0:00:29]} 13. g4 {[%emt 0:00:54]}
hxg4 {[%emt 0:00:52]} 14. h5 {[%emt 0:00:02]} gxh5 {[%emt 0:00:14]} 15. Bxf5 {
[%emt 0:00:02]} O-O-O {[%emt 0:00:13]} 16. Qd3 {[%emt 0:02:02]} Qc7 {[%emt 0:
01:55]} 17. Be6 {[%emt 0:01:36]} Be8 {[%emt 0:01:26]} 18. Nce2 {[%emt 0:00:03]}
Kb8 {[%emt 0:00:13]} 19. Bxg4 {[%emt 0:00:07]} Qa5 {[%emt 0:01:22]} 20. Kb1 {
[%emt 0:00:01]} Nb6 {[%emt 0:02:03]} 21. Bxh5 {[%emt 0:00:55]} Bd7 {[%emt 0:00:
35]} 22. Bf7 {[%emt 0:00:41]} Nc4 {[%emt 0:02:11]} 23. Ka1 {[%emt 0:01:38]} Qb4
{[%emt 0:01:08]} 24. Qb3 {[%emt 0:00:53]} Rxh1 {[%emt 0:00:06]} 25. Rxh1 {
[%emt 0:00:09]} Qd2 {[%emt 0:00:02]} 26. Qd3 {[%emt 0:00:13]} Qb4 {[%emt 0:00:
01]} 27. Qb3 {[%emt 0:01:06]} Qd2 {[%emt 0:00:02]} 28. Qc3 {[%emt 0:00:35]}
Qxc3 {[%emt 0:00:09]} 29. bxc3 {[%emt 0:00:21]} Bf5 {[%emt 0:00:14]} 30. Bg6 {
[%emt 0:00:20]} Bg4 {[%emt 0:00:17]} 31. Bd3 {[%emt 0:00:08]} Nd2 {[%emt 0:00:
36]} 32. Kb2 {[%emt 0:00:23]} f5 {[%emt 0:00:21]} 33. Kc1 {[%emt 0:00:46]} Ne4
{[%emt 0:00:04]} 34. Rf1 {[%emt 0:00:30]} Ng5 {[%emt 0:00:54]} 35. c4 {[%emt 0:
00:07]} dxc4 {[%emt 0:00:14]} 36. Bxc4 {[%emt 0:00:02]} Rh8 {[%emt 0:00:03]}
37. Bd3 {[%emt 0:00:35]} Rh2 {[%emt 0:00:18]} 38. Kb2 {[%emt 0:01:03]} Nf3 {
[%emt 0:00:49]} 39. Kc3 {[%emt 0:00:15]} a5 {[%emt 0:00:01]} 40. Ng3 {[%emt 0:
00:27]} Bb4+ {[%emt 0:00:34]} 41. Kb2 {[%emt 0:00:00]} Nd2 {[%emt 0:00:02]} 42.
Rg1 {[%emt 0:00:17]} Rxf2 {[%emt 0:00:27]} 43. Rg2 {[%emt 0:00:02]} Rf3 {
[%emt 0:00:56]} 44. a3 {[%emt 0:00:11]} Bd6 {[%emt 0:00:01]} 45. Nxf5 {[%emt 0:
00:18]} Bxf5 {[%emt 0:00:08]} 46. Rxd2 {[%emt 0:00:05]} Bxd3 {[%emt 0:00:24]}
47. Rxd3 {[%emt 0:00:15]} Bxf4 {[%emt 0:00:01]} 48. exf4 {[%emt 0:00:01]} Rxf4
{[%emt 0:00:01]} 49. Kb3 {[%emt 0:00:07]} Kc7 {[%emt 0:00:03]} 50. c3 {[%emt 0:
00:04]} b5 {[%emt 0:00:22]} 51. a4 {[%emt 0:00:07]} Kb6 {[%emt 0:00:02]} 52.
Rh3 {[%emt 0:00:12]} Rf6 {[%emt 0:00:05]} 53. Rh5 {[%emt 0:00:09]} Rd6 {
[%emt 0:00:07]} 54. Rh8 {[%emt 0:00:11]} b4 {[%emt 0:00:41]} 55. cxb4 {[%emt 0:
00:19]} Rxd4 {[%emt 0:00:02]} 56. bxa5+ {[%emt 0:00:02]} Kxa5 {[%emt 0:00:03]}
57. Rh5+ {[%emt 0:00:02]} 1/2-1/2

[Event "European Rapid Championship 2021"]
[Site "Katowice"]
[Date "2021.12.19"]
[Round "11.23"]
[White "Krawczyk, Flawian"]
[Black "Kowalczyk, Rafal"]
[Result "0-1"]
[WhiteElo "2154"]
[BlackElo "2235"]
[Annotator "NA"]
[PlyCount "76"]
[EventDate "2021.12.18"]
[EventType "swiss"]
[EventCountry "POL"]
[SourceTitle "playchess.com"]
[Source "ChessBase"]
[SourceQuality "1"]
[TimeControl "900+10"]

1. d4 {[%emt 0:00:01]} Nf6 {[%emt 0:00:09]} 2. c4 {[%emt 0:00:01]} e6 {[%emt 0:
00:02]} 3. Nf3 {[%emt 0:00:02]} b6 {[%emt 0:00:00]} 4. g3 {[%emt 0:00:00]} Ba6
{[%emt 0:00:01]} 5. b3 {[%emt 0:00:01]} Bb4+ {[%emt 0:00:02]} 6. Bd2 {[%emt 0:
00:01]} Be7 {[%emt 0:00:01]} 7. Bg2 {[%emt 0:00:05]} O-O {[%emt 0:00:28]} 8.
O-O {[%emt 0:00:03]} c6 {[%emt 0:01:13]} 9. Bc3 {[%emt 0:00:01]} d5 {[%emt 0:
00:02]} 10. Nbd2 {[%emt 0:00:00]} Bb7 {[%emt 0:00:11]} 11. Qc2 {[%emt 0:00:07]}
Nbd7 {[%emt 0:00:19]} 12. Rfd1 {[%emt 0:00:28]} Rc8 {[%emt 0:00:10]} 13. e4 {
[%emt 0:01:00]} dxe4 {[%emt 0:01:32]} 14. Ne5 {[%emt 0:00:19]} e3 {[%emt 0:06:
37]} 15. fxe3 {[%emt 0:00:14]} Nxe5 {[%emt 0:00:01]} 16. dxe5 {[%emt 0:00:01]}
Ng4 {[%emt 0:00:01]} 17. Qe4 {[%emt 0:04:17]} Nxe3 {[%emt 0:00:03]} 18. Re1 {
[%emt 0:00:19]} Nxg2 {[%emt 0:00:09]} 19. Kxg2 {[%emt 0:00:07]} Qc7 {[%emt 0:
00:30]} 20. Nf3 {[%emt 0:00:02]} c5 {[%emt 0:00:02]} 21. Qg4 {[%emt 0:00:01]}
Rfd8 {[%emt 0:00:19]} 22. Re3 {[%emt 0:00:02]} Rd7 {[%emt 0:00:29]} 23. Rae1 {
[%emt 0:00:15]} Rcd8 {[%emt 0:00:12]} 24. Kg1 {[%emt 0:00:01]} Rd1 {[%emt 0:00:
09]} 25. Qf4 {[%emt 0:00:36]} h6 {[%emt 0:00:50]} 26. h4 {[%emt 0:00:06]} Qc6 {
[%emt 0:00:35]} 27. Kf2 {[%emt 0:00:13]} R8d3 {[%emt 0:00:39]} 28. Rxd1 {
[%emt 0:00:44]} Rxd1 {[%emt 0:00:03]} 29. Ke2 {[%emt 0:00:02]} Qd7 {[%emt 0:01:
35]} 30. Nd2 {[%emt 0:01:43]} Rg1 {[%emt 0:00:33]} 31. Rd3 {[%emt 0:01:55]}
Re1+ {[%emt 0:00:04]} 32. Kxe1 {[%emt 0:00:22]} Qxd3 {[%emt 0:00:02]} 33. Bb2 {
[%emt 0:00:16]} Qc2 {[%emt 0:00:16]} 34. Ba3 {[%emt 0:00:01]} Qxa2 {[%emt 0:00:
16]} 35. Bc1 {[%emt 0:00:01]} Qc2 {[%emt 0:00:07]} 36. Ba3 {[%emt 0:00:05]} g5
{[%emt 0:00:44]} 37. Qe3 {[%emt 0:00:05]} gxh4 {[%emt 0:00:22]} 38. Qxh6 {
[%emt 0:00:01]} hxg3 {[%emt 0:00:03]} 0-1

[Event "European Rapid Championship 2021"]
[Site "Katowice"]
[Date "2021.12.19"]
[Round "11.24"]
[White "Stanisz, Patryk"]
[Black "Gretarsson, Helgi Ass"]
[Result "0-1"]
[WhiteElo "2125"]
[BlackElo "2476"]
[Annotator "ChessBase"]
[PlyCount "94"]
[EventDate "2021.12.18"]
[EventType "swiss"]
[EventCountry "POL"]
[SourceTitle "playchess.com"]
[Source "ChessBase"]
[SourceQuality "1"]
[TimeControl "900+10"]

1. d4 {[%emt 0:00:01]} g6 {[%emt 0:00:01]} 2. c4 {[%emt 0:00:05]} Bg7 {[%emt 0:
00:01]} 3. Nc3 {[%emt 0:00:04]} c5 {[%emt 0:00:02]} 4. Nf3 {[%emt 0:00:02]}
cxd4 {[%emt 0:00:02]} 5. Nxd4 {[%emt 0:00:01]} Nc6 {[%emt 0:00:01]} 6. Nxc6 {
[%emt 0:01:07]} bxc6 {[%emt 0:00:01]} 7. g3 {[%emt 0:00:22]} Qb6 {[%emt 0:00:
23]} 8. Bg2 {[%emt 0:00:34]} Qb4 {[%emt 0:00:32]} 9. Qb3 {[%emt 0:01:08]} Rb8 {
[%emt 0:00:02]} 10. O-O {[%emt 0:02:42]} Ba6 {[%emt 0:00:44]} 11. Qc2 {[%emt 0:
00:25]} Bxc4 {[%emt 0:06:16]} 12. Be3 {[%emt 0:03:23]} a5 {[%emt 0:01:35]} 13.
Rab1 {[%emt 0:00:12]} Nh6 {[%emt 0:01:02]} 14. Bh3 {[%emt 0:02:20]} d5 {
[%emt 0:03:27]} 15. b3 {[%emt 0:00:23]} Ba6 {[%emt 0:00:02]} 16. Nxd5 {[%emt 0:
00:09]} Qb7 {[%emt 0:01:07]} 17. Bf4 {[%emt 0:01:38]} cxd5 {[%emt 0:01:27]} 18.
Bxb8 {[%emt 0:00:04]} O-O {[%emt 0:00:01]} 19. Bf4 {[%emt 0:00:16]} e5 {
[%emt 0:00:02]} 20. Bd2 {[%emt 0:00:02]} Bxe2 {[%emt 0:00:03]} 21. Rfe1 {
[%emt 0:01:16]} Bf3 {[%emt 0:00:05]} 22. Bg2 {[%emt 0:00:09]} Bxg2 {[%emt 0:00:
03]} 23. Kxg2 {[%emt 0:00:01]} Nf5 {[%emt 0:00:03]} 24. Bxa5 {[%emt 0:00:47]}
Rc8 {[%emt 0:00:01]} 25. Qd2 {[%emt 0:00:26]} d4+ {[%emt 0:00:09]} 26. Kg1 {
[%emt 0:00:31]} e4 {[%emt 0:00:06]} 27. Rbc1 {[%emt 0:00:09]} Re8 {[%emt 0:00:
02]} 28. Rc7 {[%emt 0:00:25]} Qd5 {[%emt 0:00:01]} 29. Qb4 {[%emt 0:00:50]} h5
{[%emt 0:00:01]} 30. Qc4 {[%emt 0:00:03]} Qxa5 {[%emt 0:00:01]} 31. Qxf7+ Kh7 {
[%emt 0:00:01]} 32. Rec1 {[%emt 0:00:35]} Re5 {[%emt 0:00:33]} 33. R7c6 {
[%emt 0:00:02]} Ne7 {[%emt 0:00:22]} 34. Rc7 {[%emt 0:00:01]} Qa3 {[%emt 0:00:
36]} 35. R1c6 {[%emt 0:00:06]} e3 {[%emt 0:00:02]} 36. Rxe7 {[%emt 0:00:06]}
exf2+ {[%emt 0:00:12]} 37. Kf1 {[%emt 0:00:43]} Qxe7 {[%emt 0:00:24]} 38. Qxg6+
{[%emt 0:00:02]} Kh8 {[%emt 0:00:02]} 39. Rc8+ {[%emt 0:00:01]} Bf8 {[%emt 0:
00:00]} 40. Qh6+ {[%emt 0:00:12]} Kg8 {[%emt 0:00:01]} 41. Qg6+ {[%emt 0:00:24]
} Qg7 {[%emt 0:00:07]} 42. Qd6 {[%emt 0:00:11]} Rf5 {[%emt 0:01:02]} 43. Qe6+ {
[%emt 0:00:09]} Qf7 {[%emt 0:00:03]} 44. Qe4 {[%emt 0:00:08]} Qd7 {[%emt 0:00:
41]} 45. Rb8 {[%emt 0:00:10]} d3 {[%emt 0:00:15]} 46. Rb7 {[%emt 0:00:01]} Qd5
{[%emt 0:00:07]} 47. Qxd5+ {[%emt 0:00:23]} Rxd5 {[%emt 0:00:02]} 0-1